Patriarchal Ideologies In Post-Colonial India: (Record no. 196172)

MARC details
000 -LEADER
fixed length control field 00584nam a22001817a 4500
005 - DATE AND TIME OF LATEST TRANSACTION
control field 20230606161122.0
010 ## - LCCN (DPL NO)
LC control number ENG-137086
020 ## - INTERNATIONAL STANDARD BOOK NUMBER
International Standard Book Number 9789390082834
Terms of availability 300.00
035 ## - SYSTEM CONTROL NUMBER
System control number EN-120618
037 ## - SOURCE OF ACQUISITION
Source of stock number/acquisition DBAD/PUB
082 ## - DEWEY DECIMAL CLASSIFICATION NUMBER
Classification number 954.03
245 ## - TITLE STATEMENT
Title Patriarchal Ideologies In Post-Colonial India:
Statement of responsibility, etc Edited by M. Nagalakshmi and T. Senthamarai
260 ## - PUBLICATION, DISTRIBUTION, ETC. (IMPRINT)
Place of publication, distribution, etc Tamil Nadu
Name of publisher, distributor, etc Shanlax Publications
Date of publication, distribution, etc 2020
270 ## - ADDRESS
Address 61,66 T.P.K. Main Road Vasantha Nagar
City Madurai
Postal code 625003
300 ## - PHYSICAL DESCRIPTION
Extent 154p.;
Dimensions 22cm(Pbk)
700 ## - ADDED ENTRY--PERSONAL NAME
Personal name Nagalakshmi, M.
942 ## - ADDED ENTRY ELEMENTS (KOHA)
Source of classification or shelving scheme Dewey Decimal Classification
Item type English Books
Call number suffix PAT
Classification part 954.03
Holdings
Withdrawn status Lost status Not for loan Collection code Home library Current library Date acquired Source of acquisition Cost, normal purchase price Full call number Barcode Cost, replacement price Koha item type
      Non-fiction Kadipur Kadipur 05/06/2023 DBAD/PUB 300.00 954.03 NAG EN-120618 300.00 English Books

© Delhi Public Library
Hit Counter
free hit counter